000
00354pab a2200157 454500
008
180718b1985 xxu||||| |||| 00| 0 eng d
100
_a
Mody, R.J
245
_a
An analysis of money supply in India
260
_c
1985
300
_a
17-24
362
_a
June
650
_a
Money - India
700
_a
B.C. Thaker
773
_a
Anvesak
909
_a
13706
999
_c
13706
_d
13706